LIBRARY & INFORMATION CENTRE, KCAET, TAVANUR

ONLINE PUBLIC ACCESS CATALOGUE (OPAC)

Hydrology and watershed services in the western Ghats of India / (Record no. 18778)

MARC details
000 -LEADER
fixed length control field 00387nam a2200133 4500
003 - CONTROL NUMBER IDENTIFIER
control field OSt
008 - FIXED-LENGTH DATA ELEMENTS--GENERAL INFORMATION
fixed length control field 241227b |||||||| |||| 00| 0 eng d
041 ## - LANGUAGE CODE
Language code of text/sound track or separate title eng
082 ## - DEWEY DECIMAL CLASSIFICATION NUMBER
Classification number 551.48
Item number KRI/HY
100 ## - MAIN ENTRY--AUTHOR NAME
Personal name Krishnaswamy, Jagadish
245 ## - TITLE STATEMENT
Title Hydrology and watershed services in the western Ghats of India /
260 ## - PUBLICATION, DISTRIBUTION, ETC. (IMPRINT)
Place of publication New Delhi :
Name of publisher McGraw-Hill Publishing co. ltd.
Year of publication 2006
942 ## - ADDED ENTRY ELEMENTS (KOHA)
Koha item type Books
Holdings
Withdrawn status Lost status Damaged status Home library Current library Date acquired Full call number Accession Number Koha item type
      KAUAET KAUAET 27/12/2024 551.48 KRI/HY G24 Books
free website counter